| 000 | 00603 a2200181 4500 | ||
|---|---|---|---|
| 020 | _a9780070080201 | ||
| 020 | _a9780070080201 | ||
| 082 | _a003 | ||
| 090 |
_c1705 _d1705 |
||
| 100 | 1 | _aBronson, Richard. | |
| 245 | 1 | 0 |
_aSchaum's outline of operations research / _cRichard Bronson, Govindasami Naadimuthu. |
| 250 | _a2nd ed. | ||
| 260 |
_a[S.l.] : _bMcGraw-Hill, _c1997. |
||
| 300 |
_a456 p. ; _c28 cm. |
||
| 700 | 1 | _aNaadimuthu, Govindasami. | |
| 942 |
_aSNS _cBK _k003 BRO |
||
| 999 |
_c30313 _d30313 |
||